[Event "Parana-ch"]
[Site "Curitiba"]
[Date "2015.02.01"]
[Round "8"]
[White "Rodrigues, Edgar"]
[Black "Sakada, Marcos Vinicius"]
[Result "1-0"]
[WhiteElo "2338"]
[BlackElo "1860"]
[PlyCount "49"]
[EventDate "2015.01.28"]
[EventType "swiss"]
[EventRounds "8"]
[EventCountry "BRA"]
[SourceTitle "CBM 164 Extra"]
[Source "ChessBase"]
[SourceDate "2015.03.02"]
[SourceVersion "1"]
[SourceVersionDate "2015.03.02"]
[SourceQuality "1"]

1. d4 g6 2. e4 Bg7 3. Nf3 c6 4. Nc3 d5 5. a3 dxe4 6. Nxe4 Nf6 7. Nxf6+ Bxf6 8. c3 Qc7 9. Bh6 Be6 10. Be2 Nd7 11. 0-0 Nb6 12. Nd2 g5 13. Ne4 Qf4 14. Bd3 Rg8 15. Qh5 Nd5 16. g3 Qc7 17. Nc5 0-0-0 18. Rfe1 Qd6 19. Nxe6 fxe6 20. Qf7 Nc7 21. Bc4 Rg6 22. Bf8 e5 23. dxe5 Qc5 24. exf6 Rxf6 25. Qxf6 1-0

[Event "Parana-ch"]
[Site "Curitiba"]
[Date "2015.01.30"]
[Round "4"]
[White "Sakada, Marcos Vinicius"]
[Black "Moreira Dropa, Rodrigo"]
[Result "0-1"]
[WhiteElo "1860"]
[BlackElo "1970"]
[PlyCount "70"]
[EventDate "2015.01.28"]
[EventType "swiss"]
[EventRounds "8"]
[EventCountry "BRA"]
[SourceTitle "CBM 164 Extra"]
[Source "ChessBase"]
[SourceDate "2015.03.02"]
[SourceVersion "1"]
[SourceVersionDate "2015.03.02"]
[SourceQuality "1"]

1. e4 c6 2. b3 d5 3. g3 dxe4 4. Nc3 Nf6 5. h3 Bf5 6. Qe2 e6 7. Bb2 Na6 8. a3 Bc5 9. Bg2 Bd4 10. 0-0-0 Qb6 11. g4 Bg6 12. h4 h5 13. f3 Bxg1 14. Rdxg1 exf3 15. Bxf3 hxg4 16. Bxg4 Nc5 17. Bxe6 Nxe6 18. Rxg6 0-0-0 19. Rg3 Qc7 20. Re3 Qf4 21. Ne4 Nd5 22. Rf3 Qg4 23. d3 f5 24. Nf2 Qg6 25. Qe5 Rh5 26. Re1 Ndc7 27. Qa5 f4 28. Qxa7 Qg2 29. Rh3 c5 30. Ne4 Qxh3 31. Qb6 Qxh4 32. Bc3 Qe7 33. Qa5 Rhd5 34. d4 R8d6 35. Nxd6+ Rxd6 0-1

[Event "Maringa op 4th"]
[Site "Maringa"]
[Date "2014.08.23"]
[Round "7"]
[White "Lukachewski Junior, Wanderlei"]
[Black "Sakada, Marcos Vinicius"]
[Result "1-0"]
[WhiteElo "2015"]
[BlackElo "1835"]
[PlyCount "61"]
[EventDate "2014.08.20"]
[EventType "swiss"]
[EventRounds "9"]
[EventCountry "BRA"]
[SourceTitle "EXT 2015"]
[Source "ChessBase"]
[SourceDate "2014.11.20"]
[SourceVersion "1"]
[SourceVersionDate "2014.11.20"]
[SourceQuality "1"]

1. d4 g6 2. c4 Bg7 3. Nc3 d6 4. g3 Nd7 5. Nf3 Ngf6 6. Bg2 0-0 7. 0-0 c5 8. h3 Nb6 9. dxc5 dxc5 10. Ne5 Nh5 11. Nd3 Nxc4 12. Nxc5 Qc7 13. Nd3 Be6 14. Nd5 Bxd5 15. Bxd5 Rfd8 16. Bg2 Qb6 17. Qb3 Qd4 18. Rd1 Nxg3 19. e3 Ne2+ 20. Kf1 Nxc1 21. Raxc1 Nxe3+ 22. fxe3 Qxe3 23. Qxb7 Rab8 24. Qe4 Qg3 25. Qf3 Qh2 26. Rc4 Bd4 27. Nf2 Bxf2 28. Rxd8+ Rxd8 29. Kxf2 Rd2+ 30. Kf1 Qd6 31. Qc3 1-0

[Event "Maringa op 4th"]
[Site "Maringa"]
[Date "2014.08.22"]
[Round "6"]
[White "Sakada, Marcos Vinicius"]
[Black "Vieira, Gabriel Tortola Flo"]
[Result "1/2-1/2"]
[WhiteElo "1835"]
[BlackElo "2135"]
[PlyCount "71"]
[EventDate "2014.08.20"]
[EventType "swiss"]
[EventRounds "9"]
[EventCountry "BRA"]
[SourceTitle "EXT 2015"]
[Source "ChessBase"]
[SourceDate "2014.11.20"]
[SourceVersion "1"]
[SourceVersionDate "2014.11.20"]
[SourceQuality "1"]

1. d4 d5 2. Nf3 e6 3. c3 c5 4. Bf4 Nc6 5. e3 Bd6 6. Bxd6 Qxd6 7. Nbd2 f5 8. Bb5 Nf6 9. Ne5 0-0 10. f4 Nxe5 11. fxe5 Qb6 12. exf6 Qxb5 13. fxg7 Rf7 14. Qc2 Bd7 15. Nf3 Rxg7 16. 0-0-0 a5 17. g3 Be8 18. Ne5 Qa6 19. h3 cxd4 20. exd4 b5 21. Qe2 Qc8 22. Kb1 b4 23. cxb4 axb4 24. Rc1 Qb7 25. b3 Qa7 26. Nc6 Qf7 27. Rhe1 Bxc6 28. Rxc6 Rxg3 29. Rxe6 f4 30. Qe5 Rf8 31. Ka1 Qf5 32. Qd6 Re3 33. R6xe3 fxe3 34. Qg3+ Kh8 35. Qxe3 Qf3 36. Qe5+ 1/2-1/2

[Event "Maringa op 4th"]
[Site "Maringa"]
[Date "2014.08.21"]
[Round "3"]
[White "Osipi, Jair"]
[Black "Sakada, Marcos Vinicius"]
[Result "1-0"]
[WhiteElo "2200"]
[BlackElo "1835"]
[PlyCount "117"]
[EventDate "2014.08.20"]
[EventType "swiss"]
[EventRounds "9"]
[EventCountry "BRA"]
[SourceTitle "EXT 2015"]
[Source "ChessBase"]
[SourceDate "2014.11.20"]
[SourceVersion "1"]
[SourceVersionDate "2014.11.20"]
[SourceQuality "1"]

1. c4 g6 2. g3 Bg7 3. Bg2 d6 4. e3 Nc6 5. d4 e5 6. d5 Nce7 7. e4 f5 8. Nc3 Nf6 9. Bg5 Nxe4 10. Nxe4 fxe4 11. Bxe4 0-0 12. Qd2 Qe8 13. f3 Nf5 14. g4 Nd4 15. 0-0-0 Qa4 16. b3 Qa3+ 17. Kb1 Bd7 18. Qc1 Qb4 19. Bd2 Qb6 20. Be3 a5 21. Qc3 a4 22. b4 c5 23. dxc6 bxc6 24. Ka1 Rab8 25. a3 Be6 26. Nh3 d5 27. Ng5 dxe4 28. Nxe6 Rxf3 29. c5 Rxe3 30. Qxe3 Qb5 31. Nxd4 exd4 32. Qxe4 d3+ 33. Ka2 Qxc5 34. Qxd3 Qe5 35. Qc4+ Kh8 36. Rd2 Re8 37. Rhd1 Qf6 38. Rf1 Qe5 39. Rfd1 Qf6 40. h4 h5 41. gxh5 gxh5 42. Rf1 Qe5 43. Qxc6 Qe3 44. Qd5 Re5 45. Qd8+ Re8 46. Qd3 Qe6+ 47. Qd5 Qxd5+ 48. Rxd5 Re2+ 49. Kb1 Rb2+ 50. Kc1 Ra2 51. Rxh5+ Kg8 52. Rf3 Ra1+ 53. Kc2 Ra2+ 54. Kd1 Ra1+ 55. Ke2 Ra2+ 56. Kf1 Bd4 57. Rd5 Ra1+ 58. Kg2 Bb2 59. Ra5 1-0

[Event "Maringa op 4th"]
[Site "Maringa"]
[Date "2014.08.20"]
[Round "2"]
[White "Sakada, Marcos Vinicius"]
[Black "Santos, Renato Andrade"]
[Result "1/2-1/2"]
[WhiteElo "1835"]
[BlackElo "2180"]
[PlyCount "45"]
[EventDate "2014.08.20"]
[EventType "swiss"]
[EventRounds "9"]
[EventCountry "BRA"]
[SourceTitle "EXT 2015"]
[Source "ChessBase"]
[SourceDate "2014.11.20"]
[SourceVersion "1"]
[SourceVersionDate "2014.11.20"]
[SourceQuality "1"]

1. d4 Nf6 2. Nf3 b6 3. Bg5 e6 4. c3 Be7 5. e3 Bb7 6. Bd3 0-0 7. Nbd2 d6 8. 0-0 Nbd7 9. Qe2 e5 10. Bxf6 Bxf6 11. Rfd1 g6 12. dxe5 Nxe5 13. Nxe5 Bxe5 14. Nf3 Bg7 15. Ba6 Qc8 16. Bxb7 Qxb7 17. Qc4 Rad8 18. e4 Rfe8 19. Re1 Re7 20. Rad1 Rde8 21. Qd5 Qc8 22. h3 Qe6 23. Kf1 1/2-1/2

[Event "BRA-ch U20"]
[Site "Paranavai"]
[Date "2013.06.15"]
[Round "6"]
[White "Campos, Westerley Batista"]
[Black "Sakada, Marcos Vinicius"]
[Result "0-1"]
[WhiteElo "1710"]
[BlackElo "1744"]
[PlyCount "92"]
[EventDate "2013.06.13"]
[EventType "swiss"]
[EventRounds "7"]
[EventCountry "BRA"]
[SourceTitle "CBM 155 Extra"]
[Source "ChessBase"]
[SourceDate "2013.08.26"]
[SourceVersion "1"]
[SourceVersionDate "2013.08.26"]
[SourceQuality "1"]

1. d4 d6 2. Nf3 g6 3. Bf4 Bg7 4. e3 Nf6 5. Bd3 0-0 6. c3 Nbd7 7. 0-0 Nh5 8. Bg3 e5 9. dxe5 Nxe5 10. Nxe5 dxe5 11. Bc4 Qe7 12. Qc2 Nxg3 13. hxg3 Bg4 14. Qe4 Bc8 15. Nd2 c6 16. f4 Bf5 17. Qf3 Rad8 18. Nb3 h5 19. e4 Bg4 20. Qf2 b5 21. Be2 Bxe2 22. Qxe2 a5 23. f5 a4 24. Nd2 Qg5 25. Rad1 Qxg3 26. f6 Bh6 27. Rf3 Qg5 28. Nf1 Qg4 29. Re1 Qe6 30. Ng3 Rd2 31. Qf1 Qc4 32. b3 Qxf1+ 33. Kxf1 Rxa2 34. bxa4 bxa4 35. Rd3 Rc2 36. Re2 Rc1+ 37. Kf2 h4 38. Nf1 Bg5 39. Ra2 Ra8 40. Nh2 Bxf6 41. Rd6 Be7 42. Rxc6 a3 43. Rc7 Bb4 44. Nf3 Rxc3 45. Rb7 Bd6 46. Rb6 Bc5+ 0-1

[Event "Sao Jose dos Pinhais tt"]
[Site "Sao Jose dos Pinhais"]
[Date "2012.11.19"]
[Round "6.3"]
[White "Nemeth, Henrique Jr"]
[Black "Sakada, Marcos Vinicius"]
[Result "1-0"]
[WhiteElo "1924"]
[BlackElo "1701"]
[PlyCount "123"]
[EventDate "2012.11.14"]
[EventType "team-swiss"]
[EventRounds "7"]
[EventCountry "BRA"]
[SourceTitle "CBM 151 Extra"]
[Source "ChessBase"]
[SourceDate "2012.12.18"]
[SourceVersion "1"]
[SourceVersionDate "2012.12.18"]
[SourceQuality "1"]
[WhiteTeam "Ponta Grossa"]
[BlackTeam "Paranavai"]
[WhiteTeamCountry "BRA"]
[BlackTeamCountry "BRA"]

1. e4 c5 2. Nc3 d6 3. g3 g6 4. Bg2 Bg7 5. f4 Nc6 6. Nf3 Nf6 7. 0-0 0-0 8. d3 d5 9. e5 Ne8 10. Ne2 e6 11. d4 c4 12. b3 cxb3 13. axb3 b5 14. c4 Nc7 15. Qd3 bxc4 16. bxc4 Qd7 17. Ba3 Rd8 18. Bd6 dxc4 19. Qxc4 Nd5 20. Ng5 Nce7 21. Qc5 Bb7 22. Bxe7 Nxe7 23. Rxa7 Rxa7 24. Qxa7 Bxg2 25. Qxd7 Rxd7 26. Kxg2 Nf5 27. Kf2 Bf8 28. Rd1 Kg7 29. Ne4 h5 30. h3 Bb4 31. g4 hxg4 32. hxg4 Ne7 33. Nf6 Rd8 34. Rb1 Bd2 35. Ne4 Ba5 36. Rb7 Nd5 37. Ng5 Bc7 38. Nc3 Rb8 39. Ra7 Rb2+ 40. Ke1 Bb6 41. Rxf7+ Kg8 42. Nxd5 exd5 43. Rd7 Bxd4 44. Rxd5 Bf2+ 45. Kf1 Bh4 46. e6 Rb1+ 47. Kg2 Re1 48. Nf3 Re2+ 49. Kh3 Bf6 50. g5 Be7 51. Ne5 Re1 52. Rd7 Bxg5 53. e7 Bxe7 54. Rxe7 Rg1 55. Ng4 Kf8 56. Ra7 Rf1 57. Kg3 Rg1+ 58. Kh4 Rh1+ 59. Kg5 Rf1 60. Ne5 Rg1+ 61. Kf6 Rg5 62. Ra8# 1-0

[Event "Foz do Iguacu op"]
[Site "Foz do Iguacu"]
[Date "2012.05.26"]
[Round "4"]
[White "Campelo, Higor Carlos Mendon"]
[Black "Sakada, Marcos Vinicius"]
[Result "1-0"]
[WhiteElo "2040"]
[BlackElo "1722"]
[PlyCount "95"]
[EventDate "2012.05.25"]
[EventType "swiss"]
[EventRounds "6"]
[EventCountry "BRA"]
[SourceTitle "CBM 148 Extra"]
[Source "ChessBase"]
[SourceDate "2012.06.22"]
[SourceVersion "1"]
[SourceVersionDate "2012.06.22"]
[SourceQuality "1"]

1. e4 c5 2. Nf3 d6 3. d4 cxd4 4. Nxd4 Nf6 5. Nc3 g6 6. Be3 Nc6 7. f3 Bg7 8. Qd2 Bd7 9. Bc4 Rc8 10. Bb3 Ne5 11. h4 h5 12. 0-0-0 Nc4 13. Bxc4 Rxc4 14. g4 hxg4 15. f4 Rh5 16. Qd3 Rcc5 17. f5 gxf5 18. Nxf5 Rcxf5 19. exf5 Bxf5 20. Qe2 a6 21. Bg5 Bh6 22. Qe3 Bg7 23. Rhe1 Qc7 24. Rd2 Be6 25. Qa7 Kd7 26. Re3 Nh7 27. Nd5 Qc6 28. Nxe7 Qb5 29. Rxd6+ Kxd6 30. Qb8+ Kc5 31. Qc7+ Kb4 32. Re4+ Bc4 33. Bd2+ Ka4 34. Rxc4+ Qxc4 35. Qa5+ Rxa5 36. b3+ Qxb3 37. axb3+ Kb5 38. c4+ Kc5 39. Bxa5 Bf6 40. Nf5 Nf8 41. Kc2 Ne6 42. Kd3 Nd4 43. b4+ Kc6 44. Nxd4+ Kd7 45. Nf5 Ke6 46. Ke4 Bc3 47. h5 Kf6 48. Bd8+ 1-0

[Event "Foz do Iguacu op"]
[Site "Foz do Iguacu"]
[Date "2012.05.25"]
[Round "2"]
[White "Nunes, Sidney Jr"]
[Black "Sakada, Marcos Vinicius"]
[Result "1-0"]
[WhiteElo "2069"]
[BlackElo "1722"]
[PlyCount "71"]
[EventDate "2012.05.25"]
[EventType "swiss"]
[EventRounds "6"]
[EventCountry "BRA"]
[SourceTitle "CBM 148 Extra"]
[Source "ChessBase"]
[SourceDate "2012.06.22"]
[SourceVersion "1"]
[SourceVersionDate "2012.06.22"]
[SourceQuality "1"]

1. d4 d6 2. e4 g6 3. Be3 Bg7 4. Nc3 Nd7 5. Bc4 b6 6. Nge2 c5 7. dxc5 bxc5 8. Qd5 Ne5 9. Qxa8 Nxc4 10. Bc1 Qd7 11. Qd5 Nb6 12. Qd1 Bb7 13. 0-0 Nf6 14. f3 0-0 15. a4 Bc6 16. a5 Na8 17. Be3 Rb8 18. Qc1 Nc7 19. Rd1 Qc8 20. b3 Nd7 21. Rb1 Qa6 22. Qa3 Nb5 23. Nxb5 Rxb5 24. Bd2 Ne5 25. c4 Rb8 26. Bc3 f6 27. Qc1 Nd7 28. Qe3 Nf8 29. Ng3 Ne6 30. f4 Bh6 31. Rf1 Nxf4 32. Rxf4 e5 33. Qd3 exf4 34. Qxd6 Qb7 35. a6 Bf8 36. Qxf4 1-0

[Event "BRA-ch U14"]
[Site "Rio de Janeiro"]
[Date "2012.05.13"]
[Round "6"]
[White "Cirne, Bruno Uchoa"]
[Black "Sakada, Marcos Vinicius"]
[Result "1/2-1/2"]
[WhiteElo "1693"]
[BlackElo "1722"]
[PlyCount "87"]
[EventDate "2012.05.11"]
[EventType "swiss"]
[EventRounds "6"]
[EventCountry "BRA"]
[SourceTitle "CBM 148 Extra"]
[Source "ChessBase"]
[SourceDate "2012.06.22"]
[SourceVersion "1"]
[SourceVersionDate "2012.06.22"]
[SourceQuality "1"]

1. d4 g6 2. e4 d6 3. Nc3 Bg7 4. f4 Nd7 5. Nf3 c5 6. Be3 cxd4 7. Bxd4 Ngf6 8. Bd3 0-0 9. Qd2 Nc5 10. 0-0-0 a6 11. Rhe1 b5 12. a3 Rb8 13. Bf1 Bb7 14. e5 Nfe4 15. Nxe4 Nxe4 16. Qd3 Nc5 17. Qe3 Qc7 18. exd6 exd6 19. Bxg7 Kxg7 20. Qd4+ Kg8 21. Qxd6 Rbc8 22. Qxc7 Rxc7 23. Re3 Rfc8 24. Nd4 Be4 25. c3 f5 26. g3 Rd8 27. Kd2 Nb3+ 28. Ke1 Nxd4 29. cxd4 Rcd7 30. Rc3 Rxd4 31. Rxd4 Rxd4 32. Rc8+ Kg7 33. Rc7+ Kh6 34. Ra7 Ra4 35. h3 Bc6 36. Kf2 Bd5 37. Ke3 Bc4 38. Bxc4 Rxc4 39. Rxa6 Rc2 40. b4 Rc3+ 41. Kf2 Rb3 42. Ra5 Rb2+ 43. Kf3 Rb3+ 44. Kf2 1/2-1/2

[Event "BRA-ch U16"]
[Site "Sao Paulo"]
[Date "2012.05.01"]
[Round "7"]
[White "Awoki, Daniel Teidi"]
[Black "Sakada, Marcos Vinicius"]
[Result "1/2-1/2"]
[WhiteElo "1885"]
[BlackElo "1722"]
[PlyCount "56"]
[EventDate "2012.04.28"]
[EventType "swiss"]
[EventRounds "7"]
[EventCountry "BRA"]
[SourceTitle "CBM 148 Extra"]
[Source "ChessBase"]
[SourceDate "2012.06.22"]
[SourceVersion "1"]
[SourceVersionDate "2012.06.22"]
[SourceQuality "1"]

1. e4 c5 2. Nf3 d6 3. c3 Nf6 4. Bc4 Nc6 5. Qc2 e6 6. d4 cxd4 7. cxd4 d5 8. Bb5 Qa5+ 9. Nc3 Nxe4 10. Ne5 Bd7 11. Nxd7 Kxd7 12. 0-0 Nxc3 13. Bxc6+ bxc6 14. bxc3 Bd6 15. Bd2 Qa6 16. h3 Rab8 17. g4 g6 18. Rfe1 c5 19. dxc5 Bxc5 20. Rad1 Qa3 21. Bc1 Qa6 22. c4 Qd6 23. cxd5 Qg3+ 24. Kf1 Qxh3+ 25. Kg1 Qxg4+ 26. Kf1 Qh3+ 27. Ke2 Qg4+ 28. Kf1 Qh3+ 1/2-1/2

[Event "BRA-ch U16"]
[Site "Sao Paulo"]
[Date "2012.04.30"]
[Round "5"]
[White "Branchini, Fernando Luis Sakam"]
[Black "Sakada, Marcos Vinicius"]
[Result "1-0"]
[WhiteElo "1966"]
[BlackElo "1722"]
[PlyCount "49"]
[EventDate "2012.04.28"]
[EventType "swiss"]
[EventRounds "7"]
[EventCountry "BRA"]
[SourceTitle "CBM 148 Extra"]
[Source "ChessBase"]
[SourceDate "2012.06.22"]
[SourceVersion "1"]
[SourceVersionDate "2012.06.22"]
[SourceQuality "1"]

1. e4 c5 2. Nc3 g6 3. g3 d6 4. Bg2 Bg7 5. f4 Nc6 6. Nf3 e5 7. 0-0 Nge7 8. d3 f5 9. Be3 0-0 10. fxe5 Nxe5 11. Nxe5 Bxe5 12. Qd2 Qb6 13. Rab1 Be6 14. b4 Qc7 15. bxc5 dxc5 16. exf5 Nxf5 17. Rxb7 Qa5 18. Ne2 Qa6 19. Bxc5 Rfe8 20. d4 Bh8 21. Re1 Bc4 22. Nf4 Rxe1+ 23. Qxe1 Bxd4+ 24. Bxd4 Nxd4 25. Qe7 1-0

[Event "Maringa op"]
[Site "Maringa"]
[Date "2011.12.20"]
[Round "7"]
[White "Goncalves, Andre Luis Sampaio"]
[Black "Sakada, Marcos Vinicius"]
[Result "1-0"]
[WhiteElo "2015"]
[BlackElo "1736"]
[PlyCount "45"]
[EventDate "2011.12.17"]
[EventType "swiss"]
[EventRounds "9"]
[EventCountry "BRA"]
[SourceTitle "CBM 146 Extra"]
[Source "ChessBase"]
[SourceDate "2012.02.29"]
[SourceVersion "1"]
[SourceVersionDate "2012.02.29"]
[SourceQuality "1"]

1. d4 g6 2. e4 d6 3. f4 Bg7 4. Nf3 Bg4 5. Bc4 Nc6 6. c3 e5 7. fxe5 dxe5 8. 0-0 Nf6 9. Bxf7+ Kxf7 10. Qb3+ Ke8 11. Nxe5 Rf8 12. Nxg4 Nxg4 13. Qe6+ Qe7 14. Rxf8+ Kxf8 15. Qxg4 Kg8 16. Be3 Rf8 17. Nd2 Qd6 18. Nf3 Re8 19. e5 Qd5 20. Nd2 Qb5 21. Nb3 a5 22. Rf1 b6 23. Qd7 1-0

[Event "Maringa op"]
[Site "Maringa"]
[Date "2011.12.20"]
[Round "7"]
[White "Sakada, Marcos Vinicius"]
[Black "Leao, Cintia Rocha"]
[Result "1/2-1/2"]
[WhiteElo "1827"]
[BlackElo "1930"]
[PlyCount "126"]
[EventDate "2011.12.17"]
[EventType "swiss"]
[EventRounds "9"]
[EventCountry "BRA"]
[SourceTitle "CBM 146 Extra"]
[Source "ChessBase"]
[SourceDate "2012.02.29"]
[SourceVersion "1"]
[SourceVersionDate "2012.02.29"]
[SourceQuality "1"]

1. Nf3 Nf6 2. b3 d5 3. Bb2 c5 4. e3 Nc6 5. Bb5 Bg4 6. h3 Bh5 7. d3 e6 8. Bxc6+ bxc6 9. Nbd2 Qc7 10. Qe2 Be7 11. g4 Bg6 12. 0-0-0 0-0-0 13. e4 d4 14. Nc4 Nd7 15. Kb1 f6 16. Rhf1 Nb6 17. Nfd2 e5 18. f4 Bd6 19. fxe5 fxe5 20. Rf2 Rhf8 21. Rdf1 Rxf2 22. Rxf2 Be7 23. Ba3 Nxc4 24. Nxc4 Bh4 25. Rf1 Be7 26. g5 Kb8 27. Bc1 Bd6 28. Qg4 Bf7 29. Nxd6 Rxd6 30. Qf5 Rd7 31. Ba3 g6 32. Qf6 c4 33. dxc4 c5 34. Qh8+ Kb7 35. Qf8 Be6 36. h4 Qc6 37. Qxc5 Qxc5 38. Bxc5 Bh3 39. Re1 Kc6 40. Ba3 Rf7 41. b4 a6 42. Bc1 a5 43. bxa5 Kc5 44. Ba3+ Kxc4 45. Bd6 Rb7+ 46. Ka1 Rb5 47. Rb1 Rxb1+ 48. Kxb1 Bg2 49. Bxe5 Bxe4 50. Kb2 Kd5 51. Bc7 d3 52. cxd3 Bxd3 53. Ka3 Ba6 54. Kb4 Bc4 55. a4 Ba6 56. Bb6 Be2 57. Kc3 Ba6 58. Kb4 Bd3 59. a6 Bxa6 60. Ka5 Bc4 61. Bf2 Kc6 62. Kb4 Ba6 63. Ka3 Kd5 1/2-1/2

[Event "Maringa op"]
[Site "Maringa"]
[Date "2011.12.19"]
[Round "4"]
[White "Assis, Ederson Marcos"]
[Black "Sakada, Marcos Vinicius"]
[Result "0-1"]
[WhiteElo "1773"]
[BlackElo "1736"]
[PlyCount "51"]
[EventDate "2011.12.17"]
[EventType "swiss"]
[EventRounds "9"]
[EventCountry "BRA"]
[SourceTitle "CBM 146 Extra"]
[Source "ChessBase"]
[SourceDate "2012.02.29"]
[SourceVersion "1"]
[SourceVersionDate "2012.02.29"]
[SourceQuality "1"]

1. e4 c5 2. Nf3 d6 3. d4 cxd4 4. Nxd4 Nf6 5. Nc3 g6 6. f3 Bg7 7. Be3 Nc6 8. Qd2 Bd7 9. a3 a6 10. Be2 Qc7 11. Nb3 h5 12. 0-0-0 b5 13. Nd5 Nxd5 14. exd5 Ne5 15. Bd4 Rc8 16. Kb1 f6 17. Nc1 Nc4 18. Bxc4 Qxc4 19. Bc3 Bf5 20. Rhe1 Kf7 21. h3 h4 22. Qe3 Rc7 23. Nb3 Qxb3 24. Re2 Rhc8 25. Qe6+ Bxe6 26. dxe6+ 0-1

[Event "Maringa op"]
[Site "Maringa"]
[Date "2011.12.19"]
[Round "5"]
[White "Sakada, Marcos Vinicius"]
[Black "Assis, Ederson Marcos"]
[Result "1-0"]
[WhiteElo "1827"]
[BlackElo "1773"]
[PlyCount "69"]
[EventDate "2011.12.17"]
[EventType "swiss"]
[EventRounds "9"]
[EventCountry "BRA"]
[SourceTitle "CBM 146 Extra"]
[Source "ChessBase"]
[SourceDate "2012.02.29"]
[SourceVersion "1"]
[SourceVersionDate "2012.02.29"]
[SourceQuality "1"]

1. Nf3 Nf6 2. b3 g6 3. Bb2 Bg7 4. g3 c6 5. Bg2 d5 6. 0-0 0-0 7. d3 Re8 8. Nbd2 Nbd7 9. Re1 e5 10. e4 d4 11. a4 Nh5 12. Nc4 Nb6 13. Nfd2 Be6 14. Nxb6 Qxb6 15. Qe2 Qd8 16. Rf1 Bh6 17. Rae1 Qd7 18. Bc1 Bg4 19. f3 Bh3 20. Nc4 Bxc1 21. Rxc1 Bxg2 22. Qxg2 a6 23. Nb6 Qe6 24. Nxa8 Rxa8 25. f4 exf4 26. gxf4 f5 27. Rce1 Rf8 28. exf5 Qxf5 29. Re5 Qf6 30. Rxh5 Kh8 31. Re5 Qd6 32. Qe4 Qd7 33. Re7 Qd6 34. Qe5+ Qxe5 35. fxe5 1-0

[Event "Maringa op"]
[Site "Maringa"]
[Date "2011.12.18"]
[Round "3"]
[White "Sakada, Marcos Vinicius"]
[Black "Tavares, Tayra Maria"]
[Result "1-0"]
[WhiteElo "1827"]
[BlackElo "1786"]
[PlyCount "31"]
[EventDate "2011.12.17"]
[EventType "swiss"]
[EventRounds "9"]
[EventCountry "BRA"]
[SourceTitle "CBM 146 Extra"]
[Source "ChessBase"]
[SourceDate "2012.02.29"]
[SourceVersion "1"]
[SourceVersionDate "2012.02.29"]
[SourceQuality "1"]

1. e4 e6 2. d4 d5 3. Nc3 Bb4 4. e5 c5 5. a3 cxd4 6. axb4 dxc3 7. bxc3 Nc6 8. Nf3 Qc7 9. Bf4 Nge7 10. Bd3 g5 11. Nxg5 Nxe5 12. Bb5+ N7c6 13. 0-0 Qd6 14. Bxc6+ bxc6 15. Nxf7 Kxf7 16. Qh5+ 1-0

[Event "Maringa op"]
[Site "Maringa"]
[Date "2011.12.17"]
[Round "1"]
[White "Sakada, Marcos Vinicius"]
[Black "Dias, Anderson Tatsch"]
[Result "0-1"]
[WhiteElo "1736"]
[BlackElo "2202"]
[PlyCount "68"]
[EventDate "2011.12.17"]
[EventType "swiss"]
[EventRounds "9"]
[EventCountry "BRA"]
[SourceTitle "CBM 146 Extra"]
[Source "ChessBase"]
[SourceDate "2012.02.29"]
[SourceVersion "1"]
[SourceVersionDate "2012.02.29"]
[SourceQuality "1"]

1. e4 c5 2. Nc3 a6 3. d3 e6 4. g3 Nc6 5. Bg2 g6 6. Nf3 Bg7 7. 0-0 Nge7 8. Be3 Nd4 9. Na4 d6 10. Nd2 b5 11. Nc3 Rb8 12. Rb1 0-0 13. Ne2 d5 14. f4 e5 15. fxe5 Nxe2+ 16. Qxe2 d4 17. Bf4 Be6 18. Nf3 h6 19. h4 Nc6 20. c3 Rc8 21. cxd4 Nxd4 22. Qd2 Bxa2 23. Rbd1 Bb3 24. Ra1 Rc6 25. Bxh6 Nxf3+ 26. Rxf3 Qd4+ 27. Kh2 Re8 28. Be3 Qxe5 29. Bf4 Qd4 30. Re3 Be6 31. Re2 Bg4 32. Be3 Qd7 33. Ree1 Rd8 34. Bf1 c4 0-1